000 01115nam a22001937a 4500
005 20240321144525.0
010 _aB-758111-114
020 _c325.00
_a9789355322562
035 _aB-758111-114
082 _a333.7924
100 _aअशोक कुमार
_963790
245 _aभारत की आतरिक सुरक्षा की मुख्य चुनौतिया/
_cअशोक कुमार और विपुल अनेकांत
260 _aChennai
_bMcGraw Hill
_c2022
270 _aAnjana Complex No. 5/90A, Butt Road, St. Thomas Mount, Chennai
_bChennai
_e600016
300 _aविविध पृष्ट.;
_c23सेमी (अजिल्द)
700 _aअनेकांत, विपुल
_959665
_eदूसरा लेखक
942 _2ddc
_cHN
_eअशोक
_m333.7924
999 _c200176
_d200176